000 00968nam a22002777a 4500
999 _c63917
_d63917
005 20240530110705.0
008 171225s2015 ua a f b 000 0dara d
017 _a2015/2756
_bمصر. دار الكتب
020 _a9789779101545
040 _aEG-CaGPL
_cEG-CaGPL
082 0 4 _221
_a792.015/
_bق/ع ت
100 0 _aعادل شداد
245 1 2 _aالتوظيف الدرامى لاسطورة ايزيس واوزوريس فى المسرح المصرى المعاصر /
_cعادل شداد .
250 _aط.1
260 _aالقاهرة :
_bالهيئة المصرية العامة للكتاب ،
_c2015 .
300 _a338 ص. ؛
_c24 سم.
504 _aببليوجرافية : ص 325 - 338
600 0 _aايزيس
600 0 _aاوزوريس
650 0 7 _2qrmak
_aالاساطير
650 0 7 _2qrmak
_aالمسرح
_zمصر
650 0 7 _2qrmak
651 _2qrmak
942 _2ddc
_cBK